000 00311nam a2200109Ia 4500
008 171211s9999 xx 000 0 und d
245 _aPublic Speaking and Presentations Demystified
245 _cMelody Templeton
260 _c2010
650 _xBUSINESS
856 _uhttp://down.ebook777.com/063/007160121X.pdf
999 _c349460
_d349460